00763nam a2200193 a 450000100100000000500170001000800410002702000150006804000250008310000300010824500940013826001250023230000210035749000180037850400320039671000650042871000580049383000180055100004107020201002034609.0130917s2003 sp a 000 0 spa d a8400082044 aDO-SdBNPbspacBNPHU1 aPérez Ballester, José13aLa cerámica de barniz negro del santuario de Juno en Gabii /cJosé Pérez Ballester. aRoma :bConsejo Superior de Investigaciones CientíficasbEscuela Española de Historia y Arquilogía en Roma,c2003. a340 p. ;c30 cm.1 aArquelogiav8 aBibliografía : p. 331-3402 aConsejo Superior de Investigaciones Científicas (España)2 aEscuela Española de Historia y Arquilogía en Roma 0aArquelogian8